MARC details
| 000 -LEADER |
| fixed length control field |
04389cam a22004338i 4500 |
| 001 - CONTROL NUMBER |
| control field |
21487117 |
| 003 - CONTROL NUMBER IDENTIFIER |
| control field |
CSPC |
| 005 - DATE AND TIME OF LATEST TRANSACTION |
| control field |
20250904151253.0 |
| 008 - FIXED-LENGTH DATA ELEMENTS--GENERAL INFORMATION |
| fixed length control field |
200401s2021 enk b 001 0 eng |
| 010 ## - LIBRARY OF CONGRESS CONTROL NUMBER |
| LC control number |
2020015247 |
| 020 ## - INTERNATIONAL STANDARD BOOK NUMBER |
| International Standard Book Number |
9780429447044 |
| Qualifying information |
(paperback) |
| 035 ## - SYSTEM CONTROL NUMBER |
| System control number |
21487117 |
| 040 ## - CATALOGING SOURCE |
| Original cataloging agency |
DLC |
| Language of cataloging |
eng |
| Description conventions |
rda |
| Transcribing agency |
DLC |
| Modifying agency |
CSPC |
| 042 ## - AUTHENTICATION CODE |
| Authentication code |
pcc |
| 050 00 - LIBRARY OF CONGRESS CALL NUMBER |
| Classification number |
HF5415.123 |
| Item number |
.E24 2021 |
| 082 00 - DEWEY DECIMAL CLASSIFICATION NUMBER |
| Classification number |
658.802 |
| Item number |
Ea33m |
| Edition number |
23 |
| 100 1# - MAIN ENTRY--PERSONAL NAME |
| Personal name |
Eagle, Lynne, |
| Relator term |
author. |
| 245 10 - TITLE STATEMENT |
| Title |
Marketing communications / |
| Statement of responsibility, etc. |
Lynne Eagle, [and 3 others]. |
| 250 ## - EDITION STATEMENT |
| Edition statement |
Second edition. |
| 263 ## - PROJECTED PUBLICATION DATE |
| Projected publication date |
2011 |
| 264 #1 - PRODUCTION, PUBLICATION, DISTRIBUTION, MANUFACTURE, AND COPYRIGHT NOTICE |
| Place of production, publication, distribution, manufacture |
Abingdon, Oxon ; |
| -- |
New York, NY : |
| Name of producer, publisher, distributor, manufacturer |
Routledge, |
| Date of production, publication, distribution, manufacture, or copyright notice |
2021. |
| 300 ## - PHYSICAL DESCRIPTION |
| Extent |
xviii, 401 pages : |
| Other physical details |
illustrations ; |
| Dimensions |
24 cm. |
| 336 ## - CONTENT TYPE |
| Content type term |
text |
| Content type code |
txt |
| Source |
rdacontent |
| 337 ## - MEDIA TYPE |
| Media type term |
unmediated |
| Media type code |
n |
| Source |
rdamedia |
| 338 ## - CARRIER TYPE |
| Carrier type term |
volume |
| Carrier type code |
nc |
| Source |
rdacarrier |
| 504 ## - BIBLIOGRAPHY, ETC. NOTE |
| Bibliography, etc. note |
Includes bibliographical references and index. |
| 505 0# - FORMATTED CONTENTS NOTE |
| Formatted contents note |
Marketing communications as a strategic marketing tool -- Introducing communication -- Ethical issues and current challenges -- Analyzing the integrated marketing communications environment -- Creativity and creativity tactics -- The IMC client-agency relationship -- IMC and branding -- Traditional media -- Electronic, new and social media -- Emerging, hybrid media and experiential marketing -- Integrated campaign development: advertising -- Integrated campaign development: sales promotion -- Integrated campaign development: direct and database marketing, outdoor and point of purchase -- Integrated campaign development: marketing PR and sponsorship -- Integrated campaign development: personal selling and sales management, retail key account liaison, exhibitions and shows -- Marketing communication for not-for-profit audiences: social marketing and political marketing -- Marketing communication in a global marketplace -- Evaluation and control: evidence of effectiveness and the challenge of measuring return on investment. |
| 520 ## - SUMMARY, ETC. |
| Summary, etc. |
"Marketing communication is a dynamic industry, which continues to change and adapt to new technologies, media consumption patterns and communication interfaces between marketers and their target markets. At the same time, the fundamental communication processes and well-established theories and models are very much applicable in this dynamic environment. This revised second edition blends the well-established with the new and emerging aspects of marketing communications. Marketing Communications applies a uniquely practical approach to the topic, providing a structured overview of planning, development, implementation and evaluation of marketing communications, alongside detailed case studies that demonstrate how the theory translates to practice. Fully updated, the new edition considers important developments in the global marketplace. It includes new content on emerging digital media platforms, changing media consumption patterns and consumers' strategies to cope with information overload. It also reflects upon consumer skepticism, a growing phenomenon that communication specialists need to overcome when designing and implementing effective campaigns. This new edition also considers the importance of marketing communications tools in not-for-profit sectors, such as social marketing and political marketing, as well as the cross-cultural aspect of marketing communications. This textbook is essential reading for both students and professionals in marketing, communications and public relations. Online resources include an extensive instructors' guide, which provides answer checklists to all Thinkboxes, Ethical Issues and End-of-chapter Cases within the book. The text is also supported by PowerPoint slides and test bank for all chapters and major cases"-- |
| Assigning source |
Provided by publisher. |
| 650 #0 - SUBJECT ADDED ENTRY--TOPICAL TERM |
| Topical term or geographic name entry element |
Communication in marketing. |
| 650 #0 - SUBJECT ADDED ENTRY--TOPICAL TERM |
| Topical term or geographic name entry element |
Advertising. |
| 700 1# - ADDED ENTRY--PERSONAL NAME |
| Personal name |
Czarnecka, Barbara, |
| Relator term |
author. |
| 700 1# - ADDED ENTRY--PERSONAL NAME |
| Personal name |
Dahl, Stephan, |
| Relator term |
author. |
| 700 1# - ADDED ENTRY--PERSONAL NAME |
| Personal name |
Lloyd, Jenny, |
| Relator term |
author. |
| 776 08 - ADDITIONAL PHYSICAL FORM ENTRY |
| Relationship information |
Online version: |
| Main entry heading |
Eagle, Lynne, |
| Title |
Marketing communications |
| Edition |
Second edition. |
| Place, publisher, and date of publication |
New York : Routledge, 2020. |
| International Standard Book Number |
9781003089292 |
| Record control number |
(DLC) 2020015248 |
| 906 ## - LOCAL DATA ELEMENT F, LDF (RLIN) |
| a |
7 |
| b |
cbc |
| c |
orignew |
| d |
1 |
| e |
ecip |
| f |
20 |
| g |
y-gencatlg |
| 942 ## - ADDED ENTRY ELEMENTS (KOHA) |
| Source of classification or shelving scheme |
Dewey Decimal Classification |
| Koha item type |
Books |
| Edition |
23 |
| Classification part |
658.802 |
| Item part |
Ea33m |
| Call number prefix |
GRD |
| Call number suffix |
2021 |
| Suppress in OPAC |
No |